| 000 | 00938nam a2200265Ia 4500 | ||
|---|---|---|---|
| 003 | OSt | ||
| 005 | 20220918165324.0 | ||
| 006 | a|||||r|||| 00| 0 | ||
| 007 | ta | ||
| 008 | 220917b |||||||| |||| 00| 0 eng d | ||
| 020 |
_a3 900271 07 0 (pbk) _cINR 1700.00 |
||
| 024 | _a334,328 | ||
| 037 |
_b54502, 08/03/2018, Segment Book Distributors _cTextual |
||
| 040 |
_aARTS _cARTS _beng |
||
| 041 |
_2eng _aeng |
||
| 082 | _aR64x1,1,1, M0 | ||
| 100 |
_aD'sa Francis X. Au. _923770 |
||
| 245 | 0 |
_aSabdapramanyam in sabara and kumarila _b towards a study of the mimamsa experience of language |
|
| 260 |
_aDelhi _bMotilal Banarsidass India _c1980 |
||
| 300 |
_a218p. _ccm. |
||
| 490 | _aPublications of the De Nobili research library; Vol. VII | ||
| 650 | _aPURVA MIMAMSA PHILOSOPHY | ||
| 942 |
_hR64x1,1,1, M0 _cTEXL _2CC |
||
| 999 |
_c129288 _d129288 |
||